| 000 | 00765nam a2200205 a 4500 | ||
|---|---|---|---|
| 001 | 78659 | ||
| 003 | BD-RjUL | ||
| 005 | 20211209083146.0 | ||
| 008 | 211027s20051426ua ||||| |||| 00| e ara d | ||
| 035 | _a(BD-RjUL)78885 | ||
| 040 |
_aBD-RjUL _beng _cBD-RjUL |
||
| 041 | _aara | ||
| 082 |
_223 _a892.71 _bKHM 2005 |
||
| 100 | 1 |
_aخليفة, أحمد يوسف ;; Khalifa, Ahmad Yusuf _9249415 |
|
| 245 | 1 | 0 |
_aمصادر الأدب و النقد عرض و تحليل و دراسة ;; masadir al'adab w alnaqd earad w tahlil w dirasa / _c أحمد يوسف خليفة ;; Ahmed Youssef Khalifa |
| 260 |
_aالقاهرة : Qahira : _bمكتبة الآداب,;; maktabat aladab, _c2005 |
||
| 300 |
_a167 p. ; _c22 cm |
||
| 650 |
_aArabic poetry _9249416 |
||
| 942 |
_2ddc _cBK |
||
| 999 |
_c78659 _d78659 |
||